00984nam a22002657a 450000500170000001000130001702000230003003500130005303700160006604000120008208200180009410000290011224500940014125000110023526000600024627000470030630000340035350000500038765000270043765000330046470000310049794200270052899900190055595201440057420170124110151.0 aB-106209 c325.00a8120323076 aB-106209 bCen Lib/Ret aDPLbEN a621.3822bSOL aSoliman, Samir S.934014 aContinuous and discrete signals and systems /cby Samir S.Soliman [and] Mandyam D.Srinath a2nd ed aNew DelhibPrentice Hall of India Private Limitedc1998 aM-97, Connaught Circus bNew Delhie110001 axvii,525p. :c24cm(pbk)bill. aIncludes bibliographical references and index aSystem analysis915673 aDiscrete-time systems934015 aSrinath, Mandyam D.934016 2ddccENh621.3822mSOL c132207d132207 00104070aLbLd2015-07-21eCen Lib/Retg325.00l1m1o621.3822 SOLpB-106209r2019-09-07 00:00:00s2019-08-09t1v325.00w2015-07-21yEN